000 01531nam a2200373Ia 4500
001 ebr10662976
003 CaPaEBR
006 m u
007 cr cn|||||||||
008 071226s2008 nyua sb 000 0 eng d
010 _z 2007052688
020 _z9781611228793
020 _z9781604564082 (softcover)
020 _z1604564083 (softcover)
040 _aCaPaEBR
_cCaPaEBR
035 _a(OCoLC)847659369
050 1 4 _aQD461
_b.M36 2008eb
082 0 4 _a547/.6
_222
100 1 _aMandado, Marcos.
245 1 0 _aAromaticity
_h[electronic resource] :
_bexploring basic chemical concepts with the quantum theory of atoms in molecules /
_cMarcos Mandado, Maria J. Gonzalez Moa and Ricardo A. Mosquera.
246 3 0 _aExploring basic chemical concepts with the quantum theory of atoms in molecules
260 _aNew York :
_bNova Science Publishers,
_cc2008.
300 _aviii, 78 p. :
_bill. (some col.)
504 _aIncludes bibliographical references.
533 _aElectronic reproduction.
_bPalo Alto, Calif. :
_cebrary,
_d2013.
_nAvailable via World Wide Web.
_nAccess may be limited to ebrary affiliated libraries.
650 0 _aAromaticity (Chemistry)
650 0 _aMolecular structure.
650 0 _aQuantum chemistry.
655 7 _aElectronic books.
_2local
700 1 _aGonzalez Moa, Maria J.
700 1 _aMosquera, Ricardo A.
710 2 _aebrary, Inc.
856 4 0 _uhttp://site.ebrary.com/lib/rucke/Doc?id=10662976
_zAn electronic book accessible through the World Wide Web; click to view
999 _c171321
_d171321